[Event "Liverpool Open"]
[Site "?"]
[Date "2007.09.06"]
[Round "6.23"]
[White "Storey, Charles"]
[Black "Owen, Dennis"]
[Result "1-0"]
[WhiteElo "2218"]
[BlackElo "1784"]
[PlyCount "71"]
[EventDate "2007.09.06"]
[SourceDate "2007.09.06"]

1. e4 c6 2. f4 e5 3. Nf3 exf4 4. d4 Nf6 5. Bd3 Nh5 6. Nc3 Be7 7. O-O d6 8. Ne1
g6 9. Be2 Ng7 10. Bxf4 Nd7 11. Nf3 O-O 12. Qd2 Nf6 13. h3 Nfh5 14. Bh2 Ne6 15.
g4 Nhg7 16. Rad1 h5 17. d5 Ng5 18. Nxg5 Bxg5 19. Bf4 Bxf4 20. Qxf4 Qb6+ 21. Rf2
Qxb2 22. Rd3 hxg4 23. hxg4 f6 24. dxc6 bxc6 25. Qh6 Ba6 26. Rxd6 Bxe2 27. Nxe2
Qxc2 28. Qxg6 Qxa2 29. Nf4 Qf7 30. Qh6 Ne8 31. Rxc6 Qg7 32. Qh3 Rf7 33. Qb3 a5
34. Nh5 a4 35. Qd5 Qg5 36. Nxf6+ 1-0

[Event "Liverpool Open"]
[Site "?"]
[Date "2007.09.06"]
[Round "6.25"]
[White "Ali, Golam"]
[Black "Minnican, Alan"]
[Result "0-1"]
[WhiteElo "1816"]
[BlackElo "2110"]
[PlyCount "83"]
[EventDate "2007.09.06"]
[SourceDate "2007.09.06"]

1. d4 Nc6 2. c4 e5 3. d5 Nce7 4. Nc3 Ng6 5. Nf3 Bb4 6. e4 Nf6 7. Bd3 O-O 8. O-O
a5 9. Ne2 c6 10. Qc2 d6 11. h3 Nh5 12. Bg5 Nf6 13. Ng3 h6 14. Be3 Nf4 15. Bxf4
exf4 16. Ne2 Nh5 17. e5 cxd5 18. Rad1 dxe5 19. Nxe5 Qf6 20. Nf3 dxc4 21. Qxc4
Qxb2 22. Qe4 Nf6 23. Qxf4 Re8 24. Ned4 Qxa2 25. Nh4 Qd5 26. Ndf3 Qe6 27. Nf5
Ne4 28. Bxe4 Qxe4 29. Qxe4 Rxe4 30. Rd8+ Kh7 31. Nxh6 Kxh6 32. Rh8+ Kg6 33. Rc1
a4 34. Rcxc8 Rxc8 35. Rxc8 a3 36. Ra8 b6 37. Ra4 b5 38. Ra6+ f6 39. g4 Bc5 40.
Nd2 Ra4 41. Rc6 a2 42. Nb3 0-1

[Event "Liverpool Open"]
[Site "?"]
[Date "2007.09.06"]
[Round "6.35"]
[White "Frith, Robert"]
[Black "Redmond, John"]
[Result "0-1"]
[WhiteElo "1696"]
[BlackElo "2212"]
[PlyCount "64"]
[EventDate "2007.09.06"]
[SourceDate "2007.09.06"]

1. f4 d5 2. Nf3 g6 3. g3 Bg7 4. Bg2 c5 5. d3 Nc6 6. O-O e6 7. c3 Nge7 8. e4 b6
9. Na3 Bb7 10. Qe1 O-O 11. Nc2 Ba6 12. exd5 Nxd5 13. Qe4 Qc7 14. Rd1 Rad8 15.
Qe1 Rd7 16. d4 Rfd8 17. dxc5 bxc5 18. Ne3 Qb6 19. Nxd5 exd5 20. Kh1 Re7 21. Qg1
d4 22. cxd4 Nxd4 23. Re1 Nxf3 24. Bxf3 Bb7 25. Bg2 Bxg2+ 26. Kxg2 Bd4 27. Qf1
Qc6+ 28. Kh3 Qd7+ 29. Kg2 Rxe1 30. Qxe1 Re8 31. Qf1 Qd5+ 32. Kh3 Qh5+ 0-1

[Event "Liverpool Open"]
[Site "?"]
[Date "2007.09.06"]
[Round "6.1"]
[White "David, Alberto"]
[Black "Miezis, Normunds"]
[Result "1-0"]
[WhiteElo "2529"]
[BlackElo "2524"]
[PlyCount "59"]
[EventDate "2007.09.06"]
[SourceDate "2007.09.06"]

1. d4 Nf6 2. Nf3 e6 3. c4 Bb4+ 4. Bd2 Qe7 5. g3 Bxd2+ 6. Qxd2 c5 7. Bg2 O-O 8.
O-O Rd8 9. Nc3 cxd4 10. Nxd4 d5 11. cxd5 exd5 12. Rac1 Nc6 13. Rfd1 Be6 14.
Nxc6 bxc6 15. Na4 Rac8 16. Nc5 Bg4 17. h3 Bh5 18. Re1 Bg6 19. Qd4 Ne4 20. e3 h5
21. h4 Bf5 22. b3 Rd6 23. Nxe4 dxe4 24. Qb4 Re8 25. Rc4 Qd8 26. Bxe4 a5 27. Qa4
Rd1 28. Rxd1 Qxd1+ 29. Kh2 Qf1 30. Bg2 {remaining moves illegible} 1-0

[Event "Liverpool Open"]
[Site "?"]
[Date "2007.09.06"]
[Round "6.12"]
[White "Mikkelsen, Nikolaj"]
[Black "Vovk, Yuri"]
[Result "0-1"]
[WhiteElo "2303"]
[BlackElo "2557"]
[PlyCount "134"]
[EventDate "2007.09.06"]
[SourceDate "2007.09.06"]

1. e4 c5 2. Nf3 d6 3. d4 cxd4 4. Nxd4 Nf6 5. Nc3 a6 6. Bg5 e6 7. f4 Qc7 8. Bxf6
gxf6 9. Qd2 b5 10. Bd3 Bb7 11. O-O-O Nc6 12. Nxc6 Qxc6 13. Qe3 O-O-O 14. Qh3
Kb8 15. f5 b4 16. Ne2 e5 17. Ng3 h5 18. Kb1 h4 19. Nf1 d5 20. Nd2 Bh6 21. exd5
Rxd5 22. Qxh4 Rd4 23. Ne4 a5 24. Rhe1 a4 25. Qxf6 Qxf6 26. Nxf6 Bg7 27. Ne4
Rxh2 28. f6 Bh6 29. Nc5 Bxg2 30. Rxe5 Bf3 31. Re8+ Kc7 32. Rf1 a3 33. Na6+ Kb6
34. bxa3 bxa3 35. Rb8+ Ka7 36. Rb3 Rxd3 37. cxd3 Bg2 38. Re1 Kxa6 39. Rxa3+ Kb6
40. Rb3+ Kc5 41. Rb2 Bf4 42. a4 Bd5 43. Rxh2 Bxh2 44. Kc2 Kb4 45. d4 Kxa4 46.
Kd3 Kb5 47. Rc1 Bd6 48. Rc2 Kb6 49. Rc1 Bc6 50. Rc2 Bg3 51. Kc4 Kc7 52. d5 Bb7
53. Rg2 Be5 54. Rg5 Kd6 55. Rf5 Bxd5+ 56. Kd3 Ke6 57. Rf2 Bxf6 58. Ke3 Ke5 59.
Rc2 Bg5+ 60. Kf2 f5 61. Kg3 Kd4 62. Rb2 Be3 63. Rb4+ Bc4 64. Rb1 f4+ 65. Kh3 f3
66. Kg3 Be2 67. Re1 Bd2 0-1

[Event "Liverpool Open"]
[Site "?"]
[Date "2007.09.06"]
[Round "6.15"]
[White "Glud, Jakob Vang"]
[Black "Jowett, Peter"]
[Result "1/2-1/2"]
[WhiteElo "2435"]
[BlackElo "2196"]
[PlyCount "140"]
[EventDate "2007.09.06"]
[SourceDate "2007.09.06"]

1. d4 c5 2. d5 Nf6 3. Nf3 d6 4. g3 g6 5. Bg2 Bg7 6. O-O O-O 7. c4 b5 8. cxb5 a6
9. b6 Nbd7 10. Nc3 Nxb6 11. e4 Bb7 12. Re1 Qc7 13. Qc2 Rae8 14. Bg5 e6 15. dxe6
Rxe6 16. Re2 h6 17. Bf4 Nh5 18. Bd2 d5 19. exd5 Rxe2 20. Nxe2 Bxd5 21. Bc3 Qb7
22. Ne1 Re8 23. Bxg7 Nxg7 24. Rd1 Nf5 25. b3 Qe7 26. Kf1 Qe5 27. Nf3 Qf6 28.
Qc3 Qc6 29. Nf4 Ne3+ 30. fxe3 Bxf3 31. Kf2 Bxg2 32. Nxg2 Nd5 33. Qd2 Nf6 34.
Kg1 Ne4 35. Qd5 Qxd5 36. Rxd5 Rc8 37. Ne1 Nc3 38. Rd2 Re8 39. Ng2 Ne4 40. Rc2
Rd8 41. Kf1 Rd1+ 42. Ke2 Rh1 43. Kd3 f5 44. Nf4 Kf7 45. Kc4 Re1 46. Nd5 Ke6 47.
Nc7+ Kd6 48. Nxa6 Rxe3 49. Kb5 Nc3+ 50. Kb6 Nd5+ 51. Kb5 Nc3+ 52. Kb6 Nd5+ 53.
Ka5 Rc3 54. Rd2 g5 55. Nc7 Kxc7 56. Rxd5 f4 57. gxf4 gxf4 58. Rh5 Kd6 59. Kb5
f3 60. Rxh6+ Ke5 61. Rh8 Ke4 62. Rf8 Rc2 63. a4 Rxh2 64. a5 Rb2 65. Kc4 Rc2+
66. Kb5 Rb2 67. Kxc5 Rxb3 68. a6 Ra3 69. Kb6 Ke3 70. a7 Rxa7 1/2-1/2

[Event "Liverpool Open"]
[Site "?"]
[Date "2007.09.06"]
[Round "6.22"]
[White "Brown, Martin"]
[Black "James, David"]
[Result "1/2-1/2"]
[WhiteElo "2038"]
[BlackElo "2220"]
[PlyCount "99"]
[EventDate "2007.09.06"]
[SourceDate "2007.09.06"]

1. e4 c5 2. Nf3 d6 3. d4 cxd4 4. Nxd4 Nf6 5. Nc3 a6 6. a4 e5 7. Nb3 Be7 8. Be2
Be6 9. f4 Qc7 10. f5 Bc4 11. O-O Nbd7 12. Nd2 Bxe2 13. Qxe2 Rc8 14. Kh1 O-O 15.
g4 h6 16. h4 d5 17. g5 hxg5 18. hxg5 Nxe4 19. Ndxe4 dxe4 20. Nd5 Qc5 21. Nxe7+
Qxe7 22. Rf2 Qb4 23. Rh2 e3 24. Bxe3 Qe4+ 25. Kg1 Rxc2 26. Qxc2 Qxe3+ 27. Qf2
Qxg5+ 28. Kh1 Rc8 29. Rg1 Rc1 30. Rxc1 Qxc1+ 31. Qg1 Qf4 32. Qa7 Qf1+ 33. Qg1
Qxf5 34. Qc1 Nf8 35. Rg2 b5 36. axb5 axb5 37. Qd1 e4 38. Qc1 Qe5 39. Qg5 f5 40.
Rf2 g6 41. Qe3 Ne6 42. Rc2 f4 43. Qa7 Qh5+ 44. Kg2 Qg5+ 45. Kh2 Nf8 46. Rc7
Qh4+ 47. Kg1 e3 48. Rg7+ Kh8 49. Qf7 Qg3+ 50. Kh1 1/2-1/2

[Event "Liverpool Open"]
[Site "?"]
[Date "2007.09.06"]
[Round "6.3"]
[White "Shaw, John K"]
[Black "Sebenik, Matej"]
[Result "1-0"]
[WhiteElo "2446"]
[BlackElo "2465"]
[PlyCount "115"]
[EventDate "2007.09.06"]
[SourceDate "2007.09.06"]

1. e4 g6 2. d4 Bg7 3. Nf3 d6 4. Bc4 Nf6 5. Qe2 O-O 6. e5 Ne8 7. h3 c5 8. c3 Nc7
9. O-O d5 10. Bd3 Ne6 11. Be3 Nc6 12. dxc5 d4 13. cxd4 Nexd4 14. Nxd4 Nxd4 15.
Bxd4 Qxd4 16. Re1 Be6 17. Nc3 Rac8 18. Rad1 Qxc5 19. Kh1 Qb4 20. Be4 Rfd8 21.
Bd5 Qb6 22. f4 Rxc3 23. Bxe6 Rxd1 24. Qxd1 Qxb2 25. Bxf7+ Kxf7 26. e6+ Kg8 27.
Qd8+ Bf8 28. Qe8 Rxh3+ 29. gxh3 Qf6 30. Qf7+ Qxf7 31. exf7+ Kxf7 32. Kg2 Bg7
33. Rc1 b6 34. Rc4 Ke8 35. Kf3 Kd7 36. Ke4 Kd6 37. Rc8 Bf6 38. Rf8 a5 39. Rf7
h5 40. Rh7 Ke6 41. a4 h4 42. Rh6 Kf7 43. f5 gxf5+ 44. Kxf5 Ke8 45. Ke6 Kd8 46.
Rh5 Kc7 47. Rd5 Kc6 48. Rb5 Kc7 {(=)} 49. Rb1 Kc6 50. Rc1+ Kb7 51. Kd7 b5 52.
Rc7+ Kb8 53. axb5 a4 54. Rc4 Kb7 55. Rxa4 Kb6 56. Rb4 Bc3 57. Rxh4 Kxb5 58.
Kxe7 1-0

[Event "Liverpool Open"]
[Site "?"]
[Date "2007.09.06"]
[Round "6.19"]
[White "Goodger, Martyn"]
[Black "Wu Li"]
[Result "1/2-1/2"]
[WhiteElo "2093"]
[BlackElo "2314"]
[PlyCount "133"]
[EventDate "2007.09.06"]
[SourceDate "2007.09.06"]

1. e4 g6 2. d4 Bg7 3. Nc3 d6 4. Be3 a6 5. f4 Nd7 6. Nf3 b5 7. Bd3 Bb7 8. Qe2 c5
9. dxc5 Nxc5 10. Bxc5 Bxc3+ 11. bxc3 dxc5 12. e5 Qb6 13. c4 Nh6 14. cxb5 O-O
15. bxa6 Bxf3 16. Qxf3 c4 17. Be4 Rxa6 18. Qf2 Qb4+ 19. Qd2 c3 20. Qe2 Ra4 21.
Bc6 Ra5 22. Be4 Rd8 23. O-O Rd2 24. Qf3 Ng4 25. Kh1 Qd4 26. Qxg4 Qxe4 27. Rac1
Qf5 28. Qf3 Rxa2 29. Qxc3 Raxc2 30. Qf3 g5 31. e6 fxe6 32. Qa8+ Kf7 33. fxg5
Rf2 34. Rxf2 Rxf2 35. Qa6 Qd5 36. Rg1 Qxg5 37. Qc6 h5 38. Qe4 Qf5 39. Qe3 e5
40. h3 Rf1 41. Qb3+ Kf6 42. Qb5 Rxg1+ 43. Kxg1 h4 44. Qb6+ Kg5 45. Qd8 Qe6 46.
Qd2+ Kg6 47. Qe1 Qb6+ 48. Kf1 Qd4 49. Qe2 Kg5 50. Qa2 Kf4 51. Qf7+ Ke3 52. Qf3+
Kd2 53. g3 hxg3 54. Qxg3 Qf4+ 55. Qxf4+ exf4 56. h4 e5 57. h5 e4 58. h6 e3 59.
h7 e2+ 60. Kg2 e1=Q 61. h8=Q Qe2+ 62. Kg1 Qe3+ 63. Kf1 Qd3+ 64. Kf2 Qe3+ 65.
Kf1 Qf3+ 66. Kg1 Qc6 67. Qd4+ 1/2-1/2